005380000a22001450004500008004100000082001700041110002600058245005100084260004200135300002600177650004400203650003400247650005100281856006000332230817t ||||| |||| 00| 0 eng d a323.352bAMN aAmnesty International aChildren in South Asia:bsecuring their rights aLondon:bAmnesty International,c1998 a 52 p. : ill. ; 28 cm aChildren- South Asia- Social conditions aChildren's rights- South Asia aJuvenile justice, Administration of South Asia uhttps://www.amnesty.org/en/documents/asa04/001/1998/en/